000 00451nam a22001817a 4500
003 NUST - PNEC
005 20170116180918.0
008 150904b xxu||||| |||| 00| 0 eng d
020 _a0340115459
040 _cLIBRARY
082 _a620.1 ASH
100 _97523
_aAshford, K. S.
245 _aMechanical technology: Vol 1
_cK. S. Ashford
250 _aVol 1
260 _cc.1970
650 _97526
_aMechanical Engineering
_xME
942 _2ddc
_cBK
999 _c65500
_d65500